000 00485nam a2200205Ia 4500
003 OSt
005 20221005130028.0
006 a|||||r|||| 00| 0
007 ta
008 221004b |||||||| |||| 00| 0 eng d
024 _a119149
037 _cTextual
040 _aCRL
_cCRL
_beng
041 _2eng
_aeng
100 _aBali
_9637484
245 0 _aPunjabi sahitya da nikas te Vikas
650 _aPUNJABI LITERATURE
942 _cTEXL
_2cc
999 _c1055838
_d1055838